[Event "Hessenliga 1011"]
[Site "Germany"]
[Date "2010.12.12"]
[Round "4.7"]
[White "Goebel, Andreas"]
[Black "Meinzer, Dieter"]
[Result "1/2-1/2"]
[WhiteElo "2040"]
[BlackElo "2218"]
[PlyCount "46"]
[EventDate "2010.09.26"]
[EventType "team-tourn"]
[EventRounds "9"]
[EventCountry "GER"]
[SourceTitle "EXT 2012"]
[Source "ChessBase"]
[SourceDate "2011.11.24"]
[SourceVersion "1"]
[SourceVersionDate "2011.11.24"]
[SourceQuality "1"]
[WhiteTeam "Frankfurt BvK II"]
[BlackTeam "Eppstein"]
[WhiteTeamCountry "GER"]
[BlackTeamCountry "GER"]

1. Nf3 c5 2. g3 g6 3. Bg2 Bg7 4. c4 Nc6 5. Nc3 e5 6. d3 Nge7 7. Bd2 0-0 8. Qc1 d6 9. Bh6 Nf5 10. Bxg7 Kxg7 11. h4 h5 12. 0-0 Bd7 13. Qd2 Rb8 14. e3 a6 15. a4 b6 16. b3 Qc8 17. Rfd1 Re8 18. Ng5 Rd8 19. Nge4 Be6 20. Ng5 Bd7 21. Nge4 Be6 22. Ng5 Bd7 23. Nge4 Be6 1/2-1/2

[Event "Hessenliga 1011"]
[Site "Germany"]
[Date "2010.10.31"]
[Round "2.5"]
[White "Benninger, Rudolf"]
[Black "Meinzer, Dieter"]
[Result "0-1"]
[WhiteElo "2140"]
[BlackElo "2218"]
[PlyCount "74"]
[EventDate "2010.09.26"]
[EventType "team-tourn"]
[EventRounds "9"]
[EventCountry "GER"]
[SourceTitle "EXT 2012"]
[Source "ChessBase"]
[SourceDate "2011.11.24"]
[SourceVersion "1"]
[SourceVersionDate "2011.11.24"]
[SourceQuality "1"]
[WhiteTeam "Heusenstamm"]
[BlackTeam "Eppstein"]
[WhiteTeamCountry "GER"]
[BlackTeamCountry "GER"]

1. e4 c5 2. c3 b6 3. d4 Bb7 4. Bd3 Nf6 5. Nd2 cxd4 6. cxd4 Nc6 7. Ne2 e5 8. d5 Nb4 9. Bb1 a5 10. 0-0 Qc7 11. a3 Na6 12. Nc3 d6 13. Bd3 Be7 14. Bb5+ Kf8 15. f4 Nc5 16. fxe5 dxe5 17. Qe2 h6 18. Rb1 Ncd7 19. Nc4 Bc5+ 20. Kh1 Bd4 21. Bd2 Kg8 22. Rf3 Kh7 23. Rbf1 Rhf8 24. Rh3 Ng8 25. d6 Qd8 26. Nd5 Bxd5 27. exd5 Ndf6 28. Qd3+ g6 29. Bg5 Kg7 30. Rxh6 Nxh6 31. Bxf6+ Qxf6 32. Rxf6 Kxf6 33. Qh3 Kg7 34. d7 Nf5 35. g4 Rh8 36. Qf3 Nh4 37. Nd6 Nxf3 0-1

[Event "Hessenliga 0910"]
[Site "Germany"]
[Date "2010.03.14"]
[Round "8.7"]
[White "Meinzer, Dieter"]
[Black "Schmeltz, Gerd"]
[Result "1-0"]
[WhiteElo "2218"]
[BlackElo "2045"]
[PlyCount "75"]
[EventDate "2009.09.20"]
[EventType "team-tourn"]
[EventRounds "9"]
[EventCountry "GER"]
[SourceTitle "EXT 2011"]
[Source "ChessBase"]
[SourceDate "2010.11.26"]
[SourceVersion "1"]
[SourceVersionDate "2010.11.26"]
[SourceQuality "1"]
[WhiteTeam "Eppstein"]
[BlackTeam "Frankfurt BvK II"]
[WhiteTeamCountry "GER"]
[BlackTeamCountry "GER"]

1. d4 Nf6 2. c4 c5 3. d5 e6 4. Nc3 exd5 5. cxd5 d6 6. Nf3 g6 7. g3 Bg7 8. Bg2 0-0 9. 0-0 a6 10. a4 Nbd7 11. Bf4 Qc7 12. Rc1 Ng4 13. b4 c4 14. Ne4 Nge5 15. Nd4 Nb6 16. Nc3 Re8 17. h3 a5 18. Ncb5 Qe7 19. Bd2 axb4 20. Bxb4 Rxa4 21. Bxd6 Qf6 22. Bc7 Ra2 23. Nd6 Ned7 24. Nxe8 Qxd4 25. Nxg7 Rd2 26. Qe1 Kxg7 27. Bf4 c3 28. Rxc3 Qxc3 29. Qxd2 Qxd2 30. Bxd2 Nc4 31. Bc3+ Kf8 32. Rb1 Ke8 33. Rb4 Nd6 34. e4 f6 35. f4 Nc5 36. Bxf6 Kf7 37. Be5 Nd3 38. Bxd6 1-0

[Event "Hessenliga 0708"]
[Site "Germany"]
[Date "2008.02.10"]
[Round "6.6"]
[White "Goll, Christof"]
[Black "Meinzer, Dieter"]
[Result "1/2-1/2"]
[WhiteElo "2107"]
[BlackElo "2220"]
[PlyCount "31"]
[EventDate "2007.09.30"]
[EventType "team"]
[EventRounds "9"]
[EventCountry "GER"]
[SourceTitle "EXT 2009"]
[Source "ChessBase"]
[SourceDate "2008.11.26"]
[SourceVersion "1"]
[SourceVersionDate "2008.11.26"]
[SourceQuality "1"]
[WhiteTeam "Koenig Nied"]
[BlackTeam "Eppstein"]
[WhiteTeamCountry "GER"]
[BlackTeamCountry "GER"]

1. c4 g6 2. g3 Bg7 3. Bg2 e5 4. Nc3 Nc6 5. e4 Nge7 6. Nge2 d6 7. 0-0 0-0 8. d3 f5 9. f3 Be6 10. Nd5 Qd7 11. Be3 Rae8 12. Qd2 Kh8 13. Rad1 Nd4 14. Nxe7 Nxe2+ 15. Qxe2 Qxe7 16. b3 1/2-1/2

[Event "Hessenliga 0607"]
[Site "Germany"]
[Date "2006.09.17"]
[Round "1.7"]
[White "Meinzer, Dieter"]
[Black "Kuban, Guenter"]
[Result "1/2-1/2"]
[WhiteElo "2240"]
[BlackElo "2228"]
[PlyCount "111"]
[EventDate "2006.09.17"]
[EventType "team"]
[EventRounds "9"]
[EventCountry "GER"]
[SourceTitle "EXT 2008"]
[Source "ChessBase"]
[SourceDate "2007.11.25"]
[SourceVersion "1"]
[SourceVersionDate "2007.11.25"]
[SourceQuality "1"]
[WhiteTeam "Eppstein"]
[BlackTeam "Oberursel II"]
[WhiteTeamCountry "GER"]
[BlackTeamCountry "GER"]

1. d4 Nf6 2. c4 g6 3. g3 Bg7 4. Bg2 d5 5. cxd5 Nxd5 6. Nf3 0-0 7. 0-0 c6 8. e4 Nc7 9. h3 Be6 10. Nc3 Bc4 11. Re1 Nd7 12. Be3 f5 13. Nd2 Bf7 14. e5 c5 15. f4 cxd4 16. Bxd4 Ne6 17. Be3 Ndc5 18. Nf3 Rc8 19. Re2 Qxd1+ 20. Rxd1 Rfd8 21. Red2 Rxd2 22. Rxd2 b6 23. h4 Bf8 24. Kf1 Be8 25. Ng5 Nxg5 26. hxg5 e6 27. Kf2 Be7 28. Ne2 Kf7 29. Nd4 Rc7 30. g4 Ne4+ 31. Bxe4 fxe4 32. f5 gxf5 33. gxf5 exf5 34. Nxf5 Bb4 35. Nd6+ Ke7 36. Rd4 Rc2+ 37. Kg3 Rxb2 38. Nf5+ Kf8 39. Rd8 Be7 40. Rc8 Rxa2 41. Rc7 Bc5 42. Bxc5+ bxc5 43. e6 Ra6 44. e7+ Kf7 45. Kf4 Re6 46. Rxa7 c4 47. Rc7 Rc6 48. Rxc6 Bxc6 49. Nd6+ Kxe7 50. Nxc4 Ke6 51. Ne3 Kf7 52. Ng4 Bb7 53. Nf6 Kg6 54. Nxe4 Bxe4 55. Kxe4 Kxg5 56. Kf3 1/2-1/2

[Event "Hessenliga 0506"]
[Site "Germany"]
[Date "2006.02.12"]
[Round "8.2"]
[White "Barth, Andreas"]
[Black "Meinzer, Dieter"]
[Result "1/2-1/2"]
[WhiteElo "2212"]
[BlackElo "2240"]
[PlyCount "97"]
[EventDate "2005.09.11"]
[EventType "team"]
[EventRounds "11"]
[EventCountry "GER"]
[SourceTitle "EXT 2007"]
[Source "ChessBase"]
[SourceDate "2006.11.23"]
[SourceVersion "1"]
[SourceVersionDate "2006.11.23"]
[SourceQuality "1"]
[WhiteTeam "Biebertal"]
[BlackTeam "Eppstein"]
[WhiteTeamCountry "GER"]
[BlackTeamCountry "GER"]

1. g3 c5 2. e4 e6 3. Bg2 Nc6 4. Nc3 g6 5. d3 Bg7 6. Be3 d6 7. h4 h5 8. Nge2 Nd4 9. 0-0 Ne7 10. Qd2 0-0 11. Rac1 Rb8 12. Nd1 Nec6 13. c3 Nxe2+ 14. Qxe2 b5 15. f4 Qc7 16. Kh1 Ne7 17. Qd2 Bd7 18. Bg1 Bc6 19. Ne3 Qb7 20. Rfe1 Rfe8 21. a3 a5 22. Kh2 Red8 23. Nc2 b4 24. axb4 cxb4 25. Nd4 Bd7 26. f5 e5 27. Ne2 Kh7 28. Rf1 Ng8 29. d4 Rbc8 30. Be3 bxc3 31. bxc3 Bb5 32. fxg6+ fxg6 33. Bg5 Rf8 34. Rxf8 Bxf8 35. Ng1 Bg7 36. Nf3 a4 37. Qa2 exd4 38. cxd4 Rxc1 39. Bxc1 Be8 40. e5 Qb3 41. Qxb3 axb3 42. exd6 Nf6 43. Ne5 Bf8 44. Nc4 Bb5 45. Nd2 Bxd6 46. Nxb3 Ng4+ 47. Kh3 Nf2+ 48. Kh2 Ng4+ 49. Kh3 1/2-1/2

[Event "Hessenliga 0304"]
[Site "Germany"]
[Date "2004.03.14"]
[Round "8.3"]
[White "Meinzer, Dieter"]
[Black "Reschke, Thomas"]
[Result "1/2-1/2"]
[WhiteElo "2218"]
[BlackElo "2195"]
[PlyCount "75"]
[EventDate "2003.10.??"]
[EventType "team"]
[EventRounds "9"]
[EventCountry "GER"]
[SourceTitle "EXT 2005"]
[Source "ChessBase"]
[SourceDate "2004.11.15"]
[SourceVersion "1"]
[SourceVersionDate "2004.11.15"]
[SourceQuality "1"]
[WhiteTeam "Eppstein"]
[BlackTeam "Frankfurt BvK"]
[WhiteTeamCountry "GER"]
[BlackTeamCountry "GER"]

1. d4 g6 2. c4 Bg7 3. g3 d6 4. Bg2 Nd7 5. Nf3 e5 6. Nc3 Ne7 7. 0-0 0-0 8. b3 exd4 9. Ne4 d3 10. Rb1 dxe2 11. Qxe2 Nf6 12. Nxf6+ Bxf6 13. Bb2 Nc6 14. Rfe1 Bg4 15. h3 Bxb2 16. Qxb2 Bxf3 17. Bxf3 Re8 18. Bxc6 bxc6 19. Qd4 c5 20. Qd5 Qd7 21. h4 c6 22. Qg5 Kg7 23. Qf4 d5 24. h5 h6 25. hxg6 fxg6 26. Rbd1 g5 27. Qc1 d4 28. Qa3 Rxe1+ 29. Rxe1 Qd6 30. Qa6 Qc7 31. Qa3 Qd6 32. Qa6 Rf8 33. Qxa7+ Rf7 34. Qa5 Qf6 35. Qd2 h5 36. Rf1 g4 37. Qe1 Kf8 38. Qd2 1/2-1/2

[Event "Hessenliga 0304"]
[Site "Germany"]
[Date "2004.02.29"]
[Round "7.1"]
[White "Meinzer, Dieter"]
[Black "Legde, Georg"]
[Result "0-1"]
[WhiteElo "2218"]
[BlackElo "2314"]
[PlyCount "73"]
[EventDate "2003.10.??"]
[EventType "team"]
[EventRounds "9"]
[EventCountry "GER"]
[SourceTitle "EXT 2005"]
[Source "ChessBase"]
[SourceDate "2004.11.15"]
[SourceVersion "1"]
[SourceVersionDate "2004.11.15"]
[SourceQuality "1"]
[WhiteTeam "Eppstein"]
[BlackTeam "Giessen"]
[WhiteTeamCountry "GER"]
[BlackTeamCountry "GER"]

1. d4 Nf6 2. c4 e6 3. g3 c5 4. d5 exd5 5. cxd5 d6 6. Nc3 g6 7. Bg2 Bg7 8. Nf3 0-0 9. 0-0 Na6 10. Nd2 Nc7 11. Nc4 Nfe8 12. a4 b6 13. Qd2 Rb8 14. Rb1 f5 15. b3 Nf6 16. Bb2 Ba6 17. Rfe1 Bxc4 18. bxc4 Qd7 19. Bh3 Qe7 20. f3 Nd7 21. f4 Nf6 22. Bg2 Qd7 23. Qc2 Rfe8 24. e4 Ng4 25. Nd1 fxe4 26. Rxe4 Nf6 27. Rxe8+ Rxe8 28. Nf2 Re3 29. Bh3 Qe7 30. Rf1 Re2 31. Be6+ Qxe6 32. dxe6 Rxc2 33. Bxf6 Bxf6 34. f5 gxf5 35. Nd3 Nxe6 36. Rxf5 Bd4+ 37. Kf1 0-1

[Event "Hessenliga 0304"]
[Site "Germany"]
[Date "2003.11.09"]
[Round "3.3"]
[White "Meinzer, Dieter"]
[Black "Uhl, Michael"]
[Result "1-0"]
[WhiteElo "2218"]
[BlackElo "2137"]
[PlyCount "111"]
[EventDate "2003.10.??"]
[EventType "team"]
[EventRounds "9"]
[EventCountry "GER"]
[SourceTitle "EXT 2005"]
[Source "ChessBase"]
[SourceDate "2004.11.15"]
[SourceVersion "1"]
[SourceVersionDate "2004.11.15"]
[SourceQuality "1"]
[WhiteTeam "Eppstein"]
[BlackTeam "Bensheim"]
[WhiteTeamCountry "GER"]
[BlackTeamCountry "GER"]

1. d4 d5 2. c4 e6 3. Nc3 Nf6 4. cxd5 exd5 5. Bg5 Be7 6. e3 0-0 7. Bd3 c5 8. dxc5 Qa5 9. Nf3 Be6 10. 0-0 Qxc5 11. Nd4 Nc6 12. Ncb5 Nxd4 13. Nxd4 Rac8 14. Rc1 Qxc1 15. Qxc1 Rxc1 16. Rxc1 Rc8 17. Rxc8+ Bxc8 18. Bf5 Bxf5 19. Nxf5 Bd8 20. Nd6 b6 21. Nc8 a6 22. Bxf6 gxf6 23. Na7 Bc7 24. Nc6 Bd6 25. h3 Kg7 26. Kf1 f5 27. Ke2 f4 28. exf4 Bxf4 29. Nb4 Be5 30. b3 a5 31. Nxd5 Bd4 32. f3 Kg6 33. Kd3 Bf2 34. Kc4 Kg5 35. Kb5 Kh4 36. Nxb6 Kg3 37. Kxa5 Kxg2 38. Kb5 Kxh3 39. a4 Kg2 40. a5 h5 41. a6 h4 42. a7 h3 43. a8Q h2 44. f4+ Kg1 45. Qg8+ Kf1 46. Qh7 Kg1 47. Qg7+ Kf1 48. Qxf7 h1Q 49. Qc4+ Kg1 50. Qc1+ Kg2 51. Qxh1+ Kxh1 52. f5 Bd4 53. Nd5 Kg2 54. f6 Kf3 55. f7 Bg7 56. Nc7 1-0

[Event "Hessenliga 0203"]
[Site "Germany"]
[Date "2003.02.16"]
[Round "7.2"]
[White "Meinzer, Dieter"]
[Black "Petri, Klaus"]
[Result "1-0"]
[WhiteElo "2216"]
[BlackElo "2219"]
[PlyCount "61"]
[EventDate "2002.10.??"]
[EventType "team"]
[EventRounds "9"]
[EventCountry "GER"]
[SourceTitle "EXT 2004"]
[Source "ChessBase"]
[SourceDate "2003.11.25"]
[SourceVersion "1"]
[SourceVersionDate "2003.11.25"]
[SourceQuality "1"]
[WhiteTeam "Eppstein"]
[BlackTeam "Bensheim"]
[WhiteTeamCountry "GER"]
[BlackTeamCountry "GER"]

1. d4 f5 2. g3 Nf6 3. Bg2 g6 4. Nh3 Bg7 5. Nc3 d5 6. Nf4 c6 7. h4 Na6 8. h5 Kf7 9. h6 Bf8 10. Nd3 Be6 11. Ne5+ Ke8 12. Bg5 Qb6 13. Qd2 Nd7 14. Nxd7 Kxd7 15. 0-0-0 Rd8 16. Qe3 Bf7 17. f3 Rg8 18. g4 Re8 19. Qe5 Qc7 20. e4 dxe4 21. fxe4 Kc8 22. Qxc7+ Nxc7 23. Bh3 Ne6 24. Be3 fxg4 25. Bxg4 Kb8 26. Rdf1 Nd8 27. Bd7 e5 28. Rxf7 exd4 29. Bf4+ Ka8 30. Bxe8 dxc3 31. Rc7 1-0

[Event "Hessenliga 0203"]
[Site "Germany"]
[Date "2003.01.19"]
[Round "5.3"]
[White "Meiser, Markus"]
[Black "Meinzer, Dieter"]
[Result "0-1"]
[WhiteElo "2205"]
[BlackElo "2216"]
[PlyCount "98"]
[EventDate "2002.10.??"]
[EventType "team"]
[EventRounds "9"]
[EventCountry "GER"]
[SourceTitle "EXT 2004"]
[Source "ChessBase"]
[SourceDate "2003.11.25"]
[SourceVersion "1"]
[SourceVersionDate "2003.11.25"]
[SourceQuality "1"]
[WhiteTeam "Lorsch"]
[BlackTeam "Eppstein"]
[WhiteTeamCountry "GER"]
[BlackTeamCountry "GER"]

1. d4 Nf6 2. c4 g6 3. Nc3 Bg7 4. e4 d6 5. f3 0-0 6. Bg5 Nc6 7. Nge2 a6 8. Qd2 Rb8 9. 0-0-0 b5 10. cxb5 axb5 11. d5 Na5 12. Nd4 b4 13. Nce2 Bd7 14. Kb1 Qc8 15. Nc1 Qb7 16. Bh6 c5 17. dxc6 Nxc6 18. Bxg7 Kxg7 19. g4 Rfc8 20. g5 Nh5 21. Bg2 Kg8 22. Ndb3 Ra8 23. f4 Qa7 24. Rhf1 Be6 25. Qd3 Na5 26. Nxa5 Qxa5 27. b3 Rc3 28. Qe2 Rac8 29. Rf3 Qa3 30. Qb2 Qxb2+ 31. Kxb2 Rc2+ 32. Kb1 Rxg2 33. f5 Bd7 34. f6 exf6 35. Rxd6 Bg4 36. Rfd3 fxg5 37. h3 Be6 38. Rd8+ Rxd8 39. Rxd8+ Kg7 40. Nd3 Nf4 41. Nxb4 Nxh3 42. a4 Rg3 43. Nd3 Bxb3 44. a5 Bc4 45. Ne5 Rb3+ 46. Kc2 Be6 47. a6 Ra3 48. Ra8 Nf2 49. a7 Nxe4 0-1

[Event "Hessenliga 0203"]
[Site "Germany"]
[Date "2002.11.10"]
[Round "3.3"]
[White "Kierzek, Matthias"]
[Black "Meinzer, Dieter"]
[Result "1/2-1/2"]
[WhiteElo "2152"]
[BlackElo "2216"]
[PlyCount "124"]
[EventDate "2002.10.??"]
[EventType "team"]
[EventRounds "9"]
[EventCountry "GER"]
[SourceTitle "EXT 2004"]
[Source "ChessBase"]
[SourceDate "2003.11.25"]
[SourceVersion "1"]
[SourceVersionDate "2003.11.25"]
[SourceQuality "1"]
[WhiteTeam "Fulda"]
[BlackTeam "Eppstein"]
[WhiteTeamCountry "GER"]
[BlackTeamCountry "GER"]

1. d4 Nf6 2. c4 g6 3. Nc3 Bg7 4. e4 d6 5. Be2 0-0 6. Bg5 Na6 7. Qc2 c5 8. d5 h6 9. Bf4 Nc7 10. h3 a6 11. a4 e5 12. Be3 b6 13. g4 Nfe8 14. Qc1 Kh7 15. h4 Bd7 16. h5 g5 17. Nf3 Bf6 18. Nd2 Rb8 19. f3 b5 20. axb5 axb5 21. Kf2 Rb7 22. Qc2 Qb8 23. Rhb1 Bd8 24. b4 cxb4 25. Rxb4 bxc4 26. Rxb7 Qxb7 27. Ra7 Qc8 28. Qa2 Nb5 29. Nxb5 Bxb5 30. Bxc4 Nc7 31. Rxc7 Qxc7 32. Bxb5 Qb8 33. Qa6 Kg7 34. Nc4 Bc7 35. Na5 Bxa5 36. Qxa5 Rc8 37. Bc6 Qb2+ 38. Qd2 Qb1 39. Ba7 Qa1 40. Qe3 Qa2+ 41. Kg3 Qa1 42. Qb6 Qe1+ 43. Kg2 Qe2+ 44. Qf2 Qd1 45. Qb2 Rf8 46. Bf2 Qd3 47. Be1 Qe3 48. Ba5 Rc8 49. Bb6 Qd3 50. Ba7 Rf8 51. Kg3 Qf1 52. Bf2 Qd3 53. Qb4 Rd8 54. Bb5 Qd1 55. Bb6 Qa1 56. Qa5 Qb1 57. Bd3 Qc1 58. Qb4 Qa1 59. Bc2 Rc8 60. Bb3 Rc1 61. Qxd6 Rg1+ 62. Bxg1 Qxg1+ 1/2-1/2

[Event "Hessenliga 0102"]
[Site "Germany"]
[Date "2002.03.03"]
[Round "7.2"]
[White "Meinzer, Dieter"]
[Black "Eder, Patrick"]
[Result "0-1"]
[WhiteElo "2216"]
[BlackElo "2168"]
[PlyCount "106"]
[EventDate "2001.10.??"]
[EventType "team"]
[EventRounds "9"]
[EventCountry "GER"]
[SourceTitle "EXT 2003"]
[Source "ChessBase"]
[SourceDate "2002.11.25"]
[SourceVersion "1"]
[SourceVersionDate "2002.11.25"]
[SourceQuality "1"]
[WhiteTeam "Eppstein"]
[BlackTeam "Schoeneck II"]
[WhiteTeamCountry "GER"]
[BlackTeamCountry "GER"]

1. d4 Nf6 2. c4 g6 3. Nc3 Bg7 4. e4 d6 5. h3 0-0 6. Bg5 c5 7. d5 b5 8. cxb5 a6 9. a4 Qa5 10. Bd2 e6 11. dxe6 Bxe6 12. Nf3 Qb4 13. Qb1 Re8 14. Be2 Bb3 15. e5 dxe5 16. Nd5 Nxd5 17. Bxb4 Nxb4 18. 0-0 e4 19. Nd2 Bc2 20. Qc1 Bh6 21. Bd1 Bd3 22. Re1 axb5 23. Qc3 N8c6 24. Nf1 Red8 25. Qxc5 Bg7 26. Qc1 Rac8 27. axb5 Bxb5 28. Qg5 Bd3 29. Ba4 Bxb2 30. Bxc6 Bxa1 31. Rxa1 Nxc6 32. Rc1 Nd4 33. Rxc8 Rxc8 34. Ne3 Ne6 35. Qf6 h5 36. Nd5 Rc1+ 37. Kh2 e3 38. Ne7+ Kf8 39. Nxg6+ Bxg6 40. fxe3 Rc4 41. Qe5 Re4 42. Qb8+ Kg7 43. Qb2+ Kh7 44. Qc3 Ng7 45. Qf6 Nf5 46. Qg5 Nxe3 47. g3 Kg7 48. Kg1 Nc4 49. Kf2 Ne5 50. Qd8 Rc4 51. Qd6 Rc2+ 52. Ke1 Nf3+ 53. Kf1 Rd2 0-1

[Event "Hessenliga 0102"]
[Site "Germany"]
[Date "2002.01.27"]
[Round "5.3"]
[White "Kersting, Martin"]
[Black "Meinzer, Dieter"]
[Result "1/2-1/2"]
[WhiteElo "2254"]
[BlackElo "2216"]
[PlyCount "33"]
[EventDate "2001.10.??"]
[EventType "team"]
[EventRounds "9"]
[EventCountry "GER"]
[SourceTitle "EXT 2003"]
[Source "ChessBase"]
[SourceDate "2002.11.25"]
[SourceVersion "1"]
[SourceVersionDate "2002.11.25"]
[SourceQuality "1"]
[WhiteTeam "Fulda"]
[BlackTeam "Eppstein"]
[WhiteTeamCountry "GER"]
[BlackTeamCountry "GER"]

1. Nf3 c5 2. c4 g6 3. e4 Bg7 4. d4 cxd4 5. Nxd4 Nc6 6. Be3 Nf6 7. Nc3 0-0 8. Be2 d6 9. Qd2 a6 10. f3 Nxd4 11. Bxd4 Be6 12. 0-0 Rc8 13. b3 Qa5 14. Rad1 Nd7 15. Bxg7 Kxg7 16. f4 Nf6 17. h3 1/2-1/2